000 00334nam a2200133Ia 4500
005 20251222153641.0
008 251222s9999||||xx |||||||||||||| ||spa||
020 _a1850700818
082 _a616.994.6/T46
245 0 _aRenal, Bladder and Prostate Cancer:
250 _a1ra. ed.
264 _bParthenon Publishing Group
942 _cLIB
999 _c32725
_d32725